| 000 | 01275nam a2200325Ia 4500 | ||
|---|---|---|---|
| 001 | ebr10091335 | ||
| 003 | CaPaEBR | ||
| 006 | m u | ||
| 007 | cr cn||||||||| | ||
| 008 | 031215s2003 enka sb 001 0 eng d | ||
| 020 | _z1859590470 | ||
| 040 |
_aCaPaEBR _cCaPaEBR |
||
| 035 | _a(OCoLC)84145510 | ||
| 050 | 1 | 4 |
_aRC521 _b.N45 2003eb |
| 082 | 0 | 4 |
_a616.83 _221 |
| 100 | 1 | _aNeilson, Stuart. | |
| 245 | 1 | 0 |
_aMotor neurone disease _h[electronic resource] : _bthe 'at your fingertips' guide / _cStuart Neilson, Frank Clifford Rose. |
| 260 |
_aLondon : _bClass, _c2003. |
||
| 300 |
_axiv, 192 p. : _bill. |
||
| 490 | 1 | _aAt your fingertips | |
| 504 | _aIncludes bibliographical refrences and index. | ||
| 533 |
_aElectronic reproduction. _bPalo Alto, Calif. : _cebrary, _d2009. _nAvailable via World Wide Web. _nAccess may be limited to ebrary affiliated libraries. |
||
| 650 | 0 |
_aAmyotrophic lateral sclerosis _vPopular works. |
|
| 650 | 0 | _aMotor neurons. | |
| 655 | 7 |
_aElectronic books. _2local |
|
| 700 | 1 |
_aRose, F. Clifford _q(Frank Clifford) |
|
| 710 | 2 | _aebrary, Inc. | |
| 830 | 0 | _aAt your fingertips (London, England) | |
| 856 | 4 | 0 |
_uhttp://site.ebrary.com/lib/rucke/Doc?id=10091335 _zAn electronic book accessible through the World Wide Web; click to view |
| 999 |
_c72538 _d72538 |
||